| 000 | 00350nam a2200097Ia 4500 | ||
|---|---|---|---|
| 005 | 20250424112919.0 | ||
| 008 | 250424s9999 xx 000 0 und d | ||
| 300 | _a51 p. :ill. ; 28 cm. | ||
| 650 | _aEconomic development--Developing countries. Developing countries--Economic conditions--21st century. Developing countries--Economic policy. | ||
| 942 | _cSR | ||
| 999 |
_c37852 _d37852 |
||